| 000 | 01300nam0a2200337 4500 | ||
|---|---|---|---|
| 001 | RU\NLR\bibl\1260343 | ||
| 005 | 20260407063232.0 | ||
| 010 |
_a978-5-699-25948-9 _93000 |
||
| 021 |
_aRU _b2008-47292 _92612 |
||
| 035 | _a(NLR Aleph) 001246342 | ||
| 090 |
_a290966 _c290966 |
||
| 100 | _a20080811d2008 |||y0rusy50 ca | ||
| 101 | 0 | _arus | |
| 102 | _aRU | ||
| 105 | _aa ||||||||| | ||
| 200 | 1 |
_aМысли, афоризмы, цитаты _e5500 цитат _eбизнес, карьера, менеджмент _fКонстантин Душенко |
|
| 205 | _a5-е изд. | ||
| 210 |
_aМосква _cЭксмо _d2008 |
||
| 215 |
_a654 с. _cил. _d22 |
||
| 225 | 1 | _aСоставлено Константином Душенко | |
| 320 | _aУказ. имен, алф. указ. тем: с. 616-646 | ||
| 320 | _aБиблиогр.: с. 647-650 | ||
| 320 | _aДр. работы авт. на суперобл. | ||
| 606 | 1 |
_aПредпринимательство _jАфоризмы _91161265 _3RU\NLR\auth\66147005 |
|
| 686 | _aУ5-13я48 | ||
| 700 | 1 |
_4070 _8rus _7ca _aДушенко _bК.В. _f1946- _gКонстантин Васильевич _3RU\NLR\auth\7713457 _9123147 |
|
| 801 | 0 |
_aRU _bNLR _c20080811 _gRCR |
|
| 801 | 1 |
_aRU _bNLR _c20080811 |
|
| 942 | _cBOOK | ||
| 980 | _aNB | ||